| 000 | 00610nam a2200241Ia 4500 | ||
|---|---|---|---|
| 005 | 20250425162030.0 | ||
| 008 | 250425s9999 xx 000 0 und d | ||
| 020 | _a0133014584 | ||
| 041 | _aeng | ||
| 082 | _a624.0015154 | ||
| 100 | _aBATHE, KLAUS-JURGEN | ||
| 245 | 0 | _aFINITE ELEMENT PROCEDURES | |
| 250 | _aS.E. | ||
| 260 |
_aEstados Unidos _bPRENTICE HALL _c1996 |
||
| 260 | _aUPPER SADDLE RIVER | ||
| 300 | _a1037 | ||
| 650 | _aANALISIS LINEAL | ||
| 650 | _aDISEÑO ESTRUCTURAL | ||
| 650 | _aMETODO DE ELEMENTOS FINITOS | ||
| 650 | _aMETODOS MATEMATICOS | ||
| 942 | _c01 | ||
| 010 | _a41353 | ||
| 999 |
_c220979 _d220979 |
||